LEADER 01829nam a2200325 u 4500 001 000000035557 003 CaOOAMICUS 005 20070226112611.0 008 980227s1993 it u000 u ita u 020 $a8834337425 035 $a10784786 040 $aPUL(R)$bita 245 02$aL'autorizzazione agli acquisti degli enti ecclesiastici e degli altri enti senza fini di lucro /$ca cura di Giorgio Feliciani ; Università Cattolica del Sacro Cuore, Atti del convegno di studi (Milano, 19-20 giugno 1992) 260 $aMilano :$bVita e pensiero,$c1993. 300 $a145 p. ;$c22 cm 500 $aIn testa al front.: Centro studi sugli enti ecclesiastici e sugli altri enti senza fini di lucro (CESEN). 500 $aInterventi di: Salvatore Berlingò, Aldo Camporota, Silvio Ferrari, Pier Giorgio Lignani, Gianni Long, Attilio Nicora, Giorgio Pastori, Alberto Roccella, Giorgio Sacerdoti, Maria Fiorella Scandura, Enrico Vitali. 504 $aBibliografia in nota. 650 4$aBeni ecclesiastici.$0(OLS)http://pul/subject/1129 700 1 $aFeliciani, Giorgio,$d1940-$0(OLS)http://pul/name/1020 710 2 $aCESEN (Centro studi sugli enti ecclesiastici).$0(OLS)http://pul/name/27163 850 $aPUL 852 $aPUL$W1$xSL Diritto Canonico 1$y5$m153 D 58$j48686$nBK-PRI$b $qStampati$B48686$CPULBib$Z2$F48686 $81 852 $aPUL$W1$xDP1 Fondo G. Barberini$y122$m4 A 30$j103879$nBK-PRI$b 2 copia$qFondi$B180175$CPULBib$Z2$F180175 $HBar1435 $81 941 1 $a1 941 1 $a8 961 $aINV: 70942 996 $6020$a8834337425$9(OLS)http://pul/number/44665 996 $6245$aL'autorizzazione agli acquisti degli enti ecclesiastici e degli altri enti senza fini di lucro$9(OLS)http://pul/title/48848 996 $6260$aMilano :$bVita e pensiero$9(OLS)http://pul/publisher/48016 LEADER 01801nam a2200337 u 4500 001 000000017548 003 CaOOAMICUS 005 20070226110122.0 008 940517s1985 it u000 u ita u 020 $a8821301052 035 $a10409808 040 $aPUL(R)$bita 245 00$aMorte e immortalità nella catechesi dei Padri del III-IV secolo :$bconvegno di studio e aggiornamento : Facoltà di lettere cristiane e classiche (Pontificium Institutum Altioris Latinitatis), Roma, 16-18 marzo 1984 /$ca cura di Sergio Felici. 260 $aRoma :$bLAS,$cc1985. 300 $a292 p. ;$c24 cm 490 1 $aBiblioteca di scienze religiose (Libreria Ateneo salesiano) ;$v66 504 $aBibliografia in nota. 650 4$aMorte$xAspetti religiosi.$0(OLS)http://pul/subject/4358 650 4$aPatristica$xCongressi.$0(OLS)http://pul/subject/1421 700 1 $aFelici, Sergio.$0(OLS)http://pul/name/1463 710 2 $aPontificia Università Salesiana.$bFacoltà di lettere cristiane e classiche.$0(OLS)http://pul/name/1465 830 0$aBiblioteca di scienze religiose (Libreria Ateneo salesiano) ;$v66.$0(OLS)http://pul/title/491 850 $aPUL 852 $aPUL$W1$xDP2 Religione 1$y63$m68 F 60$j24731$nBK-PRI$qStampati$B24731$CPULBib$Z2$F24731 $82 941 1 $a8 961 $aINV: 61865 983 0$aNuova biblioteca di scienze religiose. 983 0$aBiblioteca di scienze religiose (LAS) 996 $6020$a8821301052$9(OLS)http://pul/number/22614 996 $6245$aMorte e immortalità nella catechesi dei Padri del III-IV secolo :$bconvegno di studio e aggiornamento : Facoltà di lettere cristiane e classiche (Pontificium Institutum Altioris Latinitatis), Roma, 16-18 marzo 1984$9(OLS)http://pul/title/25113 996 $6260$aRoma :$bLAS$9(OLS)http://pul/publisher/48069